| 000 | 00606nam a2200181 4500 | ||
|---|---|---|---|
| 001 | 133055 | ||
| 003 | ES-MaACL | ||
| 005 | 20230906194320.0 | ||
| 007 | t| | ||
| 008 | 070214s1971 sp r ||||1| spa d | ||
| 100 | 1 |
_aRossi, Aldo. _999859 |
|
| 245 | 1 | 3 |
_aLa arquitectura de la ciudad / _cAldo Rossi ; traducción de José María Ferrer Ferrer, Salvador Tarragó Cid. |
| 260 |
_aBarcelona : _bGustavo Gili, _c1971. |
||
| 300 |
_a239 p., 12 lám. : _bil. ; _c21 cm. |
||
| 700 | 1 |
_aFerrer Ferrer, José María. _950463 |
|
| 700 | 1 |
_aTarragó Cid, Salvador. _9109327 |
|
| 852 |
_aES-MaACL _jC-38831 _bR.78552 |
||
| 999 |
_c133055 _d133055 |
||